000 00763nas a2200253 4500
001 BR9201357
003 BR-BrBNA
005 20231205092406.0
007 ta
008 230509b bl.|||p| |||| 00| 00por d
040 _aBR-BrBNA
_bpor
_cBiblioteca Nacional de Agricultura
041 _a(Pt)
072 _aQ04
100 1 _aWolfschoon-Pombo, A.F.
100 1 _aCarvalho, F.A. de
100 1 _aFischer, R.
245 1 _aAcidos graxos livres no leite de plataforma
650 _aLEITE
650 _aACIDO LATICO
650 _aANALISE ESTATISTICA
773 0 _tRevista do Instituto de Laticinios Candido Tostes (Brazil)
_xISSN 0100-3674
_g(Mar-Apr 1986), v. 41(244) p. 8-12
_wBR9201357
909 _a202311
_bLúcia
_c55
_dLúcia Elande
942 _2AGRIS
_n0
_cANA
999 _c131382
_d131382